000 00692nam a2200229 a 4500
001 13483
003 BD-JhCC
005 20231016084734.0
008 231016b20102020bg | ||| ||a| 000 0 b d
020 _a9841803518
035 _a(BD-JhCC)13483
040 _aBD-JhCC
_dBD-JhCC
041 _abengali
082 _a782.189
_bTAG 2020
100 _aঠাকুর,রবীন্দ্রনাথ
245 _aসংগীতচিন্তা /
_cরবীন্দ্রনাথ ঠাকুর।
260 _aঢাকা:
_bবিশ্বসাহিত্য কেন্দ্র;
_c2020.
300 _a280 p. :
_c22 cm.
650 _aMusic
942 _2ddc
_cBK
999 _c13483
_d13483